000
00292nam a22001457a 4500
008
210305b ||||| |||| 00| 0 eng d
020
_a
9780345412225
041
_a
eng
080
_a
521
082
_2
521
100
_a
42
101
_a
AST
245
_a
Comet
_c
Sagan,C
942
_2
udc
_c
BK
999
_c
55818
_d
55818